| 000 | 00546nam a22002057a 4500 | ||
|---|---|---|---|
| 003 | OSt | ||
| 005 | 20210929035938.0 | ||
| 008 | 160411b xxu||||| |||| 00| 0 eng d | ||
| 020 | _a7283076 | ||
| 040 |
_aMMU _beng _cMMU _dMMU |
||
| 050 | _aQA76.9 .D3H237 2004 | ||
| 100 | _aHaag, Stephen | ||
| 245 |
_aMicrosoft office access 2003 / _cStephen Haag. |
||
| 260 |
_aNew York : _bMcGraw-Hill , _c2004. |
||
| 300 | _axxiii, | ||
| 500 | _aIncludes index. | ||
| 500 | _aIncludes index. | ||
| 650 | _aMicrosoft Access | ||
| 942 |
_2lcc _cLOAN LOAN |
||
| 999 |
_c12695 _d12695 |
||